00315nam a2200121Ia 45000030006000000080041000060400015000471000041000622450030001032600031001335460012001640050017001760STCL150530s9999 xx 000 0 und d aSTCLcSTCL aAlbert Morehead, H.; Harold Blum, J. a100 great American novels bNew American libraryc1966 aEnglish20220125171341.0